00395nam a2200145Ia 4500008004100000020001500041041001200056082001600068100002700084245007400111260002500185300000800210650001600218700001500234221030s9999 xx 000 0 und d a0074634429 aEnglish a105.23bVen aK. R. Venugopal ( PR ) 0aProgramming with Pascal ( PR )cby K. R. Venugopal ( PR ), C. M. Maya bTMHaNew Delhic2001 a528 aBE Computer aC. M. Maya